| 000 | 00583nam a2200205 a 4500 | ||
|---|---|---|---|
| 001 | 59697 | ||
| 003 | BD-RjUL | ||
| 005 | 20211209080747.0 | ||
| 008 | 161226s1997 xxu||||| |||| 00| 0 eng d | ||
| 035 | _a(BD-RjUL)59821 | ||
| 040 |
_aBD-RjUL _beng _cBD-RjUL |
||
| 041 | _aeng | ||
| 082 |
_223 _a658 _bBAM 1997 |
||
| 100 | 1 | 0 |
_aBajpai, B L _9177657 |
| 245 | 1 | 0 |
_aMaking management still more effective / _cB L Bajpai |
| 260 |
_aNew Delhi : _bVikas Publishing House, _c1997. |
||
| 300 |
_axii, 279 p. : _billustrations ; _c232 cm. |
||
| 650 |
_aManagement. _9172842 |
||
| 942 |
_2ddc _cBK |
||
| 999 |
_c59697 _d59697 |
||